00913nam a22001457a 4500008004100000020001800041050001400059100002100073245011600094260003400210300002900244500001900273505045400292700002100746151006b xxu||||| |||| 00| 0 eng d a9780070165625 bRC630.C68 aCouser, Geoffrey aClinical cases in fluid and electrolyte balance: an acute care approach. /cGeoffrey Couser and Justin T. Walls aSydney:bMcGraw Hill,cc2009. axii,, 176p.bill;c21cm. aIncludes index aContents: Julia was feeling woozy -- Ailsa was feeling the heat -- Jack couldn't stop vomiting -- Grace isn't herself; she looks sick -- My Husband's got terrible pain in his belly and now he's collapsed I need an ambulance now -- John was hit hard by the flu -- Mr Wallis couldn't breathe -- Mark had a pain in his belly that wouldn't go away -- Jane just couldn't breathe -- No one knows who he is and why he's so unwell -- Appendix: map of cases. aWalls, Justin T.